Заколдованный участок: роман

Bibliografiske detaljer
Hovedforfatter: Слаповский А. И. Алексей Иванович
Sprog:russisk
Udgivet: Москва, Эксмо, 2005
Fag:
Format: MixedMaterials Bog
KOHA link:https://koha.lib.tpu.ru/cgi-bin/koha/opac-detail.pl?biblionumber=98500

MARC

LEADER 00000nam0a2200000 4500
001 98500
005 20231101214205.0
010 |a 5699144285 
035 |a (RuTPU)RU\TPU\book\105586 
090 |a 98500 
100 |a 20060620d2005 m y0rusy50 ca 
101 0 |a rus 
102 |a RU 
105 |a y z 000ay 
200 1 |a Заколдованный участок  |e роман  |f А. И. Слаповский 
210 |a Москва  |c Эксмо  |d 2005 
215 |a 448 с. 
610 1 |a русская литература 
610 1 |a романы 
610 1 |a приключения 
675 |a Р2  |v 3 
700 1 |a Слаповский  |b А. И.  |c русский писатель  |c прозаик, драматург  |f 1957-  |g Алексей Иванович  |2 stltpush  |3 (RuTPU)RU\TPU\pers\17230  |4 070  |9 6362 
801 1 |a RU  |b 63413507  |c 20060620  |g PSBO 
801 2 |a RU  |b 63413507  |c 20180828  |g PSBO 
942 |c BK 
959 |a 57/20060619  |d 1  |e 138,93  |f ХФ:1